000 00909nam a2200229 i 4500
001 67394
003 ES-MaACL
005 20260201170820.0
007 t|
008 040524s2003 sp ||||1| spa d
080 _a929 María de Jesús Ágreda (0:7)
080 _a7.034/.035
100 1 _aFernández Gracia, Ricardo.
_949835
245 1 0 _aIconografía de Sor María de Agreda :
_bimágenes para la mística y la escritora en el contexto del maravillosismo del Barroco /
_cRicardo Fernández Gracia.
260 _a[Pamplona?] :
_bComité Organizador del IV Centenario del Nacimiento de Sor María Jesús de Ágreda,
_c[2003]
300 _a230 p. :
_bil. col. y n. ;
_c30 cm.
504 _aBibliografía: p. 221-230.
600 0 4 _aMaría de Jesús de Agreda,
_d1602-1665-
_xIconografía
_976661
650 4 _aArte barroco-
_zEspaña.
_910165
852 _aES-MaACL
_jL-27658
999 _c67394
_d67394